Library of the University of Algiers 3
Ibrahim Sultan Cheibout
شعار جامعة الجزائر 3
مكتبة جامعة الجزائر 3
إبراهيم سلطان شيبوط

الفكر الحديث في الاستثمار / (رقم التسجيلة. 44925)

تفاصيل مارك
000 -LEADER
fixed length control field 01788nam a2200205Ia 4500
003 - CONTROL NUMBER IDENTIFIER
control field Ost
005 - DATE AND TIME OF LATEST TRANSACTION
control field 20260507075552.0
008 - FIXED-LENGTH DATA ELEMENTS--GENERAL INFORMATION
fixed length control field 260507s9999||||xx |||||||||||||| ||und||
040 ## - CATALOGING SOURCE
Transcribing agency fsecg
041 ## - LANGUAGE CODE
Language code of text/sound track or separate title ara
082 ## - DEWEY DECIMAL CLASSIFICATION NUMBER
Classification number 332.6
100 ## - MAIN ENTRY--PERSONAL NAME
Personal name هندى ، منير ابراهيم
Relator term مؤلف
245 #0 - TITLE STATEMENT
Title الفكر الحديث في الاستثمار /
Statement of responsibility, etc. منير ابراهيم هندى
260 ## - PUBLICATION, DISTRIBUTION, ETC.
Place of publication, distribution, etc. الاسكندرية:
Name of publisher, distributor, etc. منشأة المعارف,
Date of publication, distribution, etc. 2004
300 ## - PHYSICAL DESCRIPTION
Extent 567 صفحة؛
Other physical details إيضاحات ؛
Dimensions 24 سم
504 ## - BIBLIOGRAPHY, ETC. NOTE
Bibliography, etc. note ملاحق ص.552
520 ## - SUMMARY, ETC.
Summary, etc. كفاءة سوق رأس المال و عائد و مخاطر الاستثمار و كيفية قياسهما و التنويع و تأثيره على المخاطر و الحد الكفئ في نظرية المحفظة كما تم تناول فكر ماركوتز في ظل إفتراض إمكانية الاقراض و الاقتراض مع التطرق الى نموذج تسعير الأصول الرأسمالية و فروض النموذج و إختبار نموذج تسعير الأصول و تطبيقاته للموازنات الرأسمالية و الموازنة الرأسمالية في ظل عدم توافر فروض نموذج تسعير الأصول الرأسمالية و نموذج العوامل و نظرية تسعير المراجحة و اختيار النظرية و استراتيجيات الاستثمار في ظلها مع تناول ماهية عقود الخيارات و أسس تقييم عقود الخيارات و نموذج تسعير عقود الخيارات و أخيرا ماهية العقود المستقبلية و استراتيجيات التعامل في العقود المستقبلية و نماذجها.
653 ## - INDEX TERM--UNCONTROLLED
Uncontrolled term الاستثمار
942 ## - ADDED ENTRY ELEMENTS (KOHA)
Koha item type كتب
المقتنيات
Withdrawn status Lost status Source of classification or shelving scheme Damaged status Not for loan Home library Current library Date acquired Serial enumeration / chronology Inventory number Total checkouts Full call number Barcode Date last seen Price effective from Koha item type
    Dewey Decimal Classification   NOT LOAN / إعارة داخلية مكتبة كلية العلوم الإقتصادية والعلوم التجارية وعلوم التسيير مكتبة كلية العلوم الإقتصادية والعلوم التجارية وعلوم التسيير 07/05/2026 الطابق الأرضي 1977/1   أ/1977ن1 1977/1 07/05/2026 07/05/2026 كتب
    Dewey Decimal Classification   Available مكتبة كلية العلوم الإقتصادية والعلوم التجارية وعلوم التسيير مكتبة كلية العلوم الإقتصادية والعلوم التجارية وعلوم التسيير 07/05/2026 الطابق الأرضي 1977/2   أ/1977ن2 1977/2 07/05/2026 07/05/2026 كتب
    Dewey Decimal Classification   Available مكتبة كلية العلوم الإقتصادية والعلوم التجارية وعلوم التسيير مكتبة كلية العلوم الإقتصادية والعلوم التجارية وعلوم التسيير 07/05/2026 الطابق الثاني 1977/3   أ/1977ن3 1977/3 07/05/2026 07/05/2026 كتب

موارد الويب المفتوحة


© University of Algiers 3 All Rights Reserved
|
Implemented by LECHELAH Riad